|
|
|
|
| LEADER |
00899cam a2200229 7i4500 |
| 001 |
0000024502 |
| 005 |
20100517090000.0 |
| 020 |
0 |
0 |
|a 978-1-58239-003-1
|
| 090 |
0 |
0 |
|a EURO 382.5025
|b INT
|
| 245 |
0 |
0 |
|a The International directory of importers 2010 :
|b Europe (Volume III).
|
| 250 |
0 |
0 |
|a 21st rev. ed.
|
| 260 |
0 |
0 |
|a Poulsbo,WA:
|b Interdata,
|c 2010.
|
| 300 |
# |
# |
|a 3v. [1319 p].
|
| 500 |
0 |
0 |
|a Library has 3 volumes
|
| 650 |
0 |
0 |
|a Imports --
|x Directories --
|z Europe
|
| 651 |
0 |
0 |
|a Europe
|
| 999 |
|
|
|a JHR000204B
|b Directories
|c Regions
|e MATRADE Southern Regional Office
|
| 999 |
|
|
|a B000026552
|b Directories
|c Regions
|e Business Information Centre
|
| 999 |
|
|
|a PNG000911B
|b Directories
|c Regions
|e MATRADE Northern Regional Office
|
| 999 |
|
|
|a SBH000811B
|b Directories
|c Regions
|e MATRADE Sabah
|
| 999 |
|
|
|a SBH000881B
|b Directories
|c Regions
|e MATRADE Sabah
|
| 999 |
|
|
|a SRW000308B
|b Directories
|c Regions
|e MATRADE Sarawak
|